| 000 | 00458nam a2200157Ia 4500 | ||
|---|---|---|---|
| 008 | 210210b2003 xxu||||| |||| 00| 0 eng d | ||
| 020 | _a81 7371 148 8 | ||
| 082 | _a581.0724 KISP | ||
| 100 | _aKISHOR (P B Kavi). | ||
| 245 | _aPlant tissue culture and biotechnology emerging trends. | ||
| 260 |
_aHyderabad _bUniversities Press _c2003 |
||
| 300 | _axiii,313 | ||
| 650 | _aBiotechnology Plant tissue culture | ||
| 690 | _aBiotechnology | ||
| 906 | _aSG04392 | ||
| 999 |
_c115206 _d115206 |
||